000 00413nam a2200121Ia 4500
008 220615s9999||||xx |||||||||||||| ||und||
100 _aRupp, Florian||Neckel, Tobias
245 0 _aRandom Differential Equations in Scientific Computing
546 _aEnglish[eng]
650 _adynamical systems||scientific computing||Random differential equations
856 _uhttps://doi.org/10.2478/9788376560267
942 _cEB
999 _c14677
_d14677